| 000 | 00981nam a22002537a 4500 | ||
|---|---|---|---|
| 005 | 20110824113248.0 | ||
| 010 | _aG-001036 | ||
| 020 |
_c15.00 _a8185245878 |
||
| 035 | _aG-1036 | ||
| 037 | _bशब्द साधना | ||
| 082 | _a921 | ||
| 100 |
_aअनिल कुमार _935093 |
||
| 245 |
_aपं. अर्जुनलाल सेठी / _cअनिल कुमार |
||
| 246 |
_a _b |
||
| 260 |
_aअजमेर _bशब्द साधना _c2008 |
||
| 270 |
_a59 शास्त्री नगर, _bअजमेर _e305001 _k |
||
| 300 |
_a16पृ. _c21 सेमी(अजिल्द) _bसचित्र |
||
| 650 |
_a _935094 |
||
| 700 | _925138 | ||
| 700 | _925157 | ||
| 942 |
_adpl _cCH _2ddc _mसेठीअ _h921 |
||
| 999 |
_c55875 _d55875 |
||